000
00281 a2200121 4500
001
60081
082
_a
155.2 PAF
090
_c
36861
_d
36861
245
_a
Transfer Values, For things that matter most
260
_a
PAF Base Minhas
_b
PAF
_c
2009
300
_a
36 p.
600
_a
PAF
942
_a
NUST-CAE
_k
155.2 PAF
999
_c
295154
_d
295154